Dichiarazione circa alcune questioni di etica sessuale
Saved in:
| Institution som forfatter: | |
|---|---|
| Format: | Bog |
| Sprog: | italiensk |
| Udgivet: |
Ciudad del Vaticano
Libreria Editrice Vaticana
2006
|
| Serier: | Documenti e Studi, 20
|
| Fag: | |
| Tags: |
Tilføj Tag
Ingen Tags, Vær først til at tagge denne postø!
|
MARC
| LEADER | 00000nam a2200000 a 4500 | ||
|---|---|---|---|
| 001 | UCG0621 | ||
| 003 | CL-VaPUC | ||
| 008 | 100401e20060000VC |||||||||||||||||ita|d | ||
| 020 | |a 9788820978488 | ||
| 082 | 0 | 4 | |a 262.9 |b CON |2 21 |
| 110 | 2 | |a Congregazione per la Dottrina della Fede |e author |9 548066 | |
| 245 | 1 | 0 | |a Dichiarazione circa alcune questioni di etica sessuale |
| 300 | |a 123 p | ||
| 942 | |c BK | ||
| 945 | |d 20100401 00:00:00 |a rbrito | ||
| 260 | |a Ciudad del Vaticano |b Libreria Editrice Vaticana |c 2006 | ||
| 650 | 7 | |a DERECHO CANONICO |2 CL-VaPUC |9 548067 | |
| 650 | 0 | |a Sexualidad |9 358183 | |
| 650 | 7 | |a ETICA SEXUAL |2 CL-VaPUC |9 548068 | |
| 583 | |a last modification |c 20130325 06:04:47 |k Rodrigo Vera | ||
| 490 | 0 | |a Documenti e Studi, 20 | |
| 999 | |c 340181 |d 340179 | ||
| 952 | |0 0 |1 0 |4 0 |6 262_900000000000000_CON_2006 |7 0 |8 DER_HDC |9 434719 |a BIBDER |b BIBDER |d 2019-11-22 |i 465661K |l 1 |o 262.9 CON 2006 |p 465661K |r 2023-01-25 |s 2020-03-19 |w 2019-11-22 |x Ubicación 4to Piso |y BK |z Estos recursos deben solicitarse con anticipación |k DER | ||